000 00294nam a22001097a 4500
008 160504b xxu||||| |||| 00| 0 eng d
020 _a0721612822
041 _aeng
080 _a612.39
245 _aApplied nutrition and diet therapy:
_cGrace Burtis; Judi Davis; Sandra Martin;
942 _2udc
_cBK
999 _c1779
_d1779